Statistics for Heads of Government

Click here to take the quiz!

General Stats

  • This quiz has been taken 26 times
  • The average score is 19 of 193

Answer Stats

CountryHead of Government% Correct
United States of America (President)Barack Obama
88%
Germany (Chancellor)Angela Merkel
73%
North Korea (Chairman of the Workers' Party of Korea)Kim Jong-un
58%
India (Prime Minister)Narendra Modi
58%
Canada (Prime Minister)Justin Trudeau
54%
United Kingdom (Prime Minister)David Cameron
50%
China (General Secretary of the Communist Party)Xi Jinping
46%
Japan (Prime Minister)Shinzō Abe
42%
Israel (Prime Minister)Bejamin Netanyahu
38%
Cuba (First Secretary of the Communist Party)Raul Castro
38%
Brazil (President)Dilma Rousseff
35%
Zimbabwe (President)Robert Mugabe
35%
Djibouti (Prime Minister)Abdoulkader Kamil Mohamed
31%
Afghanistan (Chief Executive Officer)Abdullah Abdullah
31%
Greece (Prime Minister)Alexis Tsipras
27%
Italy (President of the Council of Ministers)Matteo Renzi
27%
Hungary (Prime Minister)Viktor Orbán
27%
Philippines (President)Benigno Aquino III
23%
Russia (Prime Minister)Dmitry Medvedev
23%
Belgium (Prime Minister)Charles Michel
19%
Seychelles (President)James Michel
19%
New Zealand (Prime Minister)John Key
19%
Australia (Prime Minister)Malcolm Turnbull
19%
Netherlands (Prime Minister)Mark Rutte
19%
Venezuela (President)Nicolás Maduro
19%
Kuwait (Prime Minister)Sheik Jaber Al-Mubarak Al-Hamad Al-Sabah
19%
Mexico (President)Enrique Peña Nieto
15%
Norway (Prime Minister)Erna Solberg
15%
Bahrain (Prime Minister/Prince)Khalifa bin Salman Al Khalifa
15%
Singapore (Prime Minister)Lee Hsien Loong
15%
France (Prime Minister)Manuel Valls
15%
Argentina (President)Mauricio Macri
15%
Sudan (President)Omar al-Bashir
15%
Saudi Arabia (King and Prime Minister)Salman
15%
Burma (State Counsellor)Aung San Suu Kyi
12%
Iran (Supreme Leader)Ayatollah Ali Khamenei
12%
Liberia (President)Ellen Johnson Sirleaf
12%
Bolivia (President)Evo Morales
12%
South Africa (President)Jacob Zuma
12%
Guatemala (President)Jimmy Morales
12%
Chile (President)Michelle Bachelet
12%
Nigeria (President)Muhammadu Buhari
12%
Pakistan (Prime Minister)Nawaz Sharif
12%
Slovakia (Prime Minister)Robert Fico
12%
Sweden (Prime Minister)Stefan Löfven
12%
Serbia (Prime Minister)Aleksander Vučić
8%
Saint Lucia (Prime Minister)Allen Chastanet
8%
Jamaica (Prime Minister)Andrew Holness
8%
Portugal (Prime Minister)António Costa
8%
Poland (Prime Minister)Beata Szydło
8%
Czechia (Prime Minister)Bohuslav Sobotka
8%
Nicaragua (President)Daniel Ortega
8%
Dominican Republic (President)Danilo Medina
8%
Belize (Prime Minister)Dean Barrow
8%
Ireland (Taoiseach)Enda Kenny
8%
Haiti (Prime Minister)Enex Jean-Charles
8%
Barbados (Prime Minister)Freundel Stuart
8%
Antigua and Barbuda (Prime Minister)Gaston Browne
8%
Iraq (Prime Minister)Haider al-Abadi
8%
Indonesia (President)Joko Widodo
8%
Angola (President)José Eduardo dos Santos
8%
Colombia (President)Juan Manuel Santos
8%
Honduras (President)Juan Orlando Hernández
8%
Finland (Prime Minister)Juha Sipilä
8%
Grenada (Prime Minister)Keith Mitchell
8%
Trinidad and Tobago (Prime Minister)Keith Rowley
8%
Denmark (Prime Minister)Lars Løkke Rasmussen
8%
Spain (President of the Government)Mariano Rajoy
8%
Slovenia (Prime Minister)Miro Cerar
8%
Mali (Prime Minister)Modibo Keita
8%
Guyana (Prime Minister)Moses Nagamootoo
8%
Bahamas (Prime Minister)Perry Christie
8%
Papua New Guinea (Prime Minister)Peter O'Neill
8%
Saint Vincent and the Grenadines (Prime Minister)Ralph Gonsalves
8%
Dominica (Prime Minister)Roosevelt Skerrit
8%
El Salvador (President)Salvador Sánchez Cerén
8%
Qatar (Prime Minister)Sheikh Abdullah bin Nasser bin Khalifa Al Thani
8%
Bangladesh (Prime Minister)Sheik Hasina
8%
Iceland (Prime Minister)Sigurour Ingi Jòhannsson
8%
Saint Kitts and Nevis (Prime Minister)Timothy Harris
8%
Bhutan (Prime Minister)Tshering Tobgay
8%
Cape Verde (Prime Minister)Ulisses Correia e Silva
8%
Luxembourg (Prime Minister)Xavier Bettel
8%
MoroccoAbdelilah Benkirane
4%
Algeria (Prime Minister)Abdelmalek Sellal
4%
Maldives (President)Abdulla Yameen
4%
LiechtensteinAdrian Hasler
4%
Yemen (Prime Minister)Ahmed Obeid bin Daghr
4%
Tonga (Prime Minister)'Akilisi Pōhiva
4%
Chad (Prime Minister)Albert Pahimi Padacké
4%
Lithuania (Prime Minister)Algirdas Butkevičius
4%
Rwanda (Prime Minister)Anastase Murekezi
4%
Andorra (Head of Government)Antoni Martí
4%
Congo, Democratic Republic of the (Prime Minister)Augustin Matata Ponyo
4%
Comoros (President)Azali Assoumani
4%
Guinea-Bissau (Prime Minister)Baciro Djá
4%
Swaziland (Prime Minister)Barnabas Silbusiso Dlamini
4%
Nauru (President)Baron Waqa
4%
Laos (General Secretary of the Communist Party)Bounnhang Vorachith
4%
Bulgaria (Prime Minister)Boyko Borissov
4%
Niger (Prime Minister)Brigi Rafini
4%
Vatican City (President of the Governorate)Cardinal Giuseppe Bertello
4%
Mozambique (Prime Minister)Carlos Agosinho do Rosário
4%
Vanuatu (Prime Minister)Charlot Salwai
4%
Mongolia (Prime Minister)Chimediin Saikhanbileg
4%
Austria (Federal Chancellor)Christian Kern
4%
Congo, Republic of the (Prime Minister)Clément Mouamba
4%
Romania (Prime Minister)Dacian Ciolos
4%
Ivory Coast (Prime Minister)Daniel Kablan Duncan
4%
Gabon (Prime Minister)Daniel Ona Ondo
4%
Suriname (President)Dési Bouterse
4%
Zambia (President)Edgar Lungu
4%
Albania (Prime Minister)Edi Rama
4%
Macedonia (Interim President of the Government)Emil Dimitriev
4%
Tuvalu (Prime Minister)Enele Sopoaga
4%
Sierra Leone (President)Ernest Bai Koroma
4%
Libya (Chairman of the Presidential Council and Prime Minister)Fayez al-Sarraj
4%
Fiji (Prime Minister)Frank Bainimarama
4%
Turkmenistan (President)Gurbanguly Berdimuhamedow
4%
TunisiaHabib Essid
4%
Ethiopia (Prime Minister)Hailemariam Desalegn
4%
Brunei (Sultan and Prime Minister)Hassanal Bolkiah
4%
Marshall Islands (President)Hilda Heine
4%
Paraguay (President)Horacio Cartes
4%
Armenia (Prime Minister)Hovik Abrahamyan
4%
Cambodia (Prime Minister)Hun Sen
4%
South Korea (Prime Minister)Hwang Kyo-ahn
4%
Botswana (President)Ian Khama
4%
Eritrea (President)Isaias Afwerki
4%
Switzerland (President of the Federal Council)Johann Schneider-Ammann
4%
Ghana (President)John Dramani Mahama
4%
Malta (Prime Minister)Joseph Muscat
4%
Panama (President)Juan Carlos Varela
4%
Kazakhstan (Prime Minister)Karim Massimov
4%
Tanzania (Prime Minister)Kassim Majaliwa
4%
Nepal (Prime Minister)Khadga Prasad Sharma Oli
4%
Tajikistan (Prime Minister)Kokhir Rasulzoda
4%
Togo (Prime Minister)Komi Sélom Klassou
4%
Costa Rica (President)Luis Guillermo Solís
4%
Guinea (Prime Minister)Mamady Youla
4%
Solomon Islands (Prime Minister)Manasseh Sogavare
4%
Latvia (Prime Minister)Maris Kučinskis
4%
San Marino (Captain Regent)Massimo Andrea Ugolini
4%
Montenegro (Prime Minister)Milo Dukanović
4%
Senegal (Prime Minister)Mohammed Dionne
4%
Malaysia (Prime Minister)Najib Razak
4%
Vietnam (General Secretary of the Communist Party)Nguyen Phú Trong
4%
Cyprus (President)Nicos Anastasiades
4%
Madagascar (Prime Minister)Olivier Mahafaly Solonandrasana
4%
Lesotho (Prime Minister)Pakalitha Mosisili
4%
Benin (President)Patrice Talon
4%
Burkina Faso (Prime Minister)Paul Kaba Thieba
4%
Moldova (Prime Minister)Pavel Filip
4%
Peru (Prime Minister)Pedro Cateriano
4%
Micronesia (President)Peter M. Christian
4%
Malawi (President)Peter Mutharika
4%
Burundi (President)Pierre Nkurunziza
4%
Thailand (Prime Minister)Prayut Chan-o-cha
4%
Oman (Sultan and Prime Minister)Qaboos bin Said al Said
4%
Ecuador (President)Rafael Correa
4%
Sri Lanka (Prime Minister)Ranil Wickremesinghe
4%
Uganda (Prime Minister)Ruhakana Rugunda
4%
East Timor (Prime Minister)Rui Maria de Araújo
4%
South Sudan (President)Salva Kiir Mayardit
4%
Monaco (Minister of State)Serge Telle
4%
Uzbekistan (Prime Minister)Shavkat Mirziyoyev
4%
United Arab Emirates (Prime Minister)Sheikh Mohammed bin Rashid Al Maktoum
4%
Egypt (Prime Minister)Sherif Ismail
4%
Central African Republic (Prime Minister)Simplice Sarandji
4%
Mauritis (Prime Minister)Sir Anerood Jugnauth
4%
Kyrgyzstan (Prime Minister)Sooronbay Jeenbekov
4%
Estonia (Prime Minister)Taavi Rõivas
4%
Uruguay (President)Tabaré Vázquez
4%
Lebanon (Acting President and Prime Minister)Tammam Salam
4%
Kiribati (President)Taneti Mamau
4%
Croatia (Prime Minister)Tihomir Orešković
4%
Palau (President)Tommy Remengesau
4%
Kenya (President)Uhuru Kenyatta
4%
Bosnia and Herzegovina (High Representative)Valentin Inzko
4%
Equatorial Guinea (Prime Minister)Vicente Ehate Tomi
4%
Ukraine (Prime Minister)Volodymyr Groysman
4%
Syria (Prime Minister)Wael Nader al-Halqi
4%
Gambia (President)Yahya Jammeh
4%
Mauritania (Prime Minister)Yahya Ould Hademine
4%
Azerbaijan (Prime Minister)Artur Rasizde
0%
Turkey (Prime Minister)Binali Yidirim
0%
Georgia (Prime Minister)Giorgi Kviriksashvili
0%
Jordan (Prime Minister)Hani Al-Mukli
0%
Somalia (Prime Minister)Omar Abdirashid Ali Sharmarke
0%
São Tomé and Príncipe (Prime Minister)Patrice Trovada
0%
Cameroon (Prime Minister)Philemon Yang
0%
Namibia (Prime Minister)Saara Kuugogelwa
0%
Samoa (Prime Minister)Tuilaepa Aioana Sailele Malielgaoi
0%

Score Distribution

Percentile by Number Answered

Percent of People with Each Score

Your Score History

You have not taken this quiz